Investigation of new nsaids for the treatment of inflammatory diseases of kidney and urinary tract; Jurnal Teknologi; Vol. 78, iss. 5-6
| Parent link: | Jurnal Teknologi.— , 1977- Vol. 78, iss. 5-6.— 2016.— [P. 89-92] |
|---|---|
| Autor Corporativo: | |
| Outros Autores: | , , , , , |
| Resumo: | Title screen Non-steroidal anti-inflammatory drugs (NSAIDs) are widely used in the world, primarily due to their high efficiency for the treatment of inflammatory induced pain syndrome. The main feature of NSAIDs is a combination of anti-inflammatory, analgesic, antipyretic, and anticoagulant properties. However, their long-term use is associated with side effects in the gastrointestinal tract including peptic ulcers and other. We developed and synthesized molecule of methyl (4-О-β-glucopyranosyloxy)-benzoic acid. The anti-inflammatory effect of methyl (4-О-β-glucopyranosyloxy)-benzoic acid evaluated using the carrageenan-induced hindpaw edema model. The study shows that the intragastrically administration of test substance to animals reduces inflammatory process. Режим доступа: по договору с организацией-держателем ресурса |
| Idioma: | inglês |
| Publicado em: |
2016
|
| Assuntos: | |
| Acesso em linha: | http://dx.doi.org/10.11113/jt.v78.8643 |
| Formato: | MixedMaterials Recurso Eletrônico Capítulo de Livro |
| KOHA link: | https://koha.lib.tpu.ru/cgi-bin/koha/opac-detail.pl?biblionumber=651033 |
MARC
| LEADER | 00000naa0a2200000 4500 | ||
|---|---|---|---|
| 001 | 651033 | ||
| 005 | 20250318115106.0 | ||
| 035 | |a (RuTPU)RU\TPU\network\16282 | ||
| 035 | |a RU\TPU\network\16279 | ||
| 090 | |a 651033 | ||
| 100 | |a 20161031d2016 k||y0rusy50 ba | ||
| 101 | 0 | |a eng | |
| 102 | |a MY | ||
| 135 | |a drcn ---uucaa | ||
| 181 | 0 | |a i | |
| 182 | 0 | |a b | |
| 200 | 1 | |a Investigation of new nsaids for the treatment of inflammatory diseases of kidney and urinary tract |f T. O. Murashko [et al.] | |
| 203 | |a Text |c electronic | ||
| 300 | |a Title screen | ||
| 320 | |a [References: p. 92 (15 tit.)] | ||
| 330 | |a Non-steroidal anti-inflammatory drugs (NSAIDs) are widely used in the world, primarily due to their high efficiency for the treatment of inflammatory induced pain syndrome. The main feature of NSAIDs is a combination of anti-inflammatory, analgesic, antipyretic, and anticoagulant properties. However, their long-term use is associated with side effects in the gastrointestinal tract including peptic ulcers and other. We developed and synthesized molecule of methyl (4-О-β-glucopyranosyloxy)-benzoic acid. The anti-inflammatory effect of methyl (4-О-β-glucopyranosyloxy)-benzoic acid evaluated using the carrageenan-induced hindpaw edema model. The study shows that the intragastrically administration of test substance to animals reduces inflammatory process. | ||
| 333 | |a Режим доступа: по договору с организацией-держателем ресурса | ||
| 461 | |t Jurnal Teknologi |d 1977- | ||
| 463 | |t Vol. 78, iss. 5-6 |v [P. 89-92] |d 2016 | ||
| 610 | 1 | |a электронный ресурс | |
| 610 | 1 | |a труды учёных ТПУ | |
| 701 | 1 | |a Murashko |b T. O. |g Tatjyana Olegovna | |
| 701 | 1 | |a Ivanov |b A. A. |c specialist in the field of Electrophysics |c engineer of Tomsk Polytechnic University |f 1990- |g Aleksey Alekseevich |3 (RuTPU)RU\TPU\pers\35679 |9 18840 | |
| 701 | 1 | |a Smirnov |b I. V. |g Ivan Vladimirovich | |
| 701 | 1 | |a Bondarev |b A. A. |g Aleksandr Aleksandrovich | |
| 701 | 1 | |a Nemtsev |b A. O. |g Aleksey Olegovich | |
| 701 | 1 | |a Udut |b V. V. |g Vladimir Vasiljevich | |
| 712 | 0 | 2 | |a Национальный исследовательский Томский политехнический университет |b Институт физики высоких технологий |b Лаборатория № 1 |3 (RuTPU)RU\TPU\col\19035 |9 27311 |
| 801 | 2 | |a RU |b 63413507 |c 20161031 |g RCR | |
| 856 | 4 | |u http://dx.doi.org/10.11113/jt.v78.8643 | |
| 942 | |c CF | ||